Central Library OPAC University of Rajshahi

Memoirs of Babar, Emperor of India, first of the great Moghals : (Record no. 64014)

MARC details
000 -LEADER
fixed length control field 01090nam a2200277 a 4500
001 - CONTROL NUMBER
control field 64014
003 - CONTROL NUMBER IDENTIFIER
rucl marc code BD-RjUL
005 - DATE AND TIME OF LATEST TRANSACTION
control field 20211209081249.0
008 - FIXED-LENGTH DATA ELEMENTS--GENERAL INFORMATION
fixed length control field 170208s1965 pk bf 000 0aeng d
035 ## - SYSTEM CONTROL NUMBER
System control number (BD-RjUL)64144
040 ## - CATALOGING SOURCE
Original cataloging agency DLC
Transcribing agency CarP
Modifying agency DLC
Language of cataloging eng
041 1# - LANGUAGE CODE
Language code of text/sound track or separate title eng
Language code of original tur
082 ## - DEWEY DECIMAL CLASSIFICATION NUMBER
Classification number 954.025
Author mark and year BAM 1965
100 0# - MAIN ENTRY--PERSONAL NAME
Personal name Babur,
Dates associated with a name 1483-1530.
9 (RLIN) 189943
245 10 - TITLE STATEMENT
Title Memoirs of Babar, Emperor of India, first of the great Moghals :
Remainder of title Emperor of India, first of the great Moghals. Being an abridgment with an introd., supplementary notes, and some account of his successors /
Statement of responsibility, etc. Babur ; Editor and translator F. G.Talbot
260 ## - PUBLICATION, DISTRIBUTION, ETC. (IMPRINT)
Place of publication, distribution, etc. Lahore :
Name of publisher, distributor, etc. National Book House,
Date of publication, distribution, etc. 1965.
300 ## - PHYSICAL DESCRIPTION
Pagination xv, 254 p. :
Illustrations ill. ;
Size 22 cm.
600 00 - SUBJECT ADDED ENTRY--PERSONAL NAME
Personal name Babur,
Titles and other words associated with a name Emperor of Hindustan,
Dates associated with a name 1483-1530.
651 #0 - SUBJECT ADDED ENTRY--GEOGRAPHIC NAME
Geographic name India
General subdivision Kings and rulers
Form subdivision Biography.
9 (RLIN) 190117
Geographic name India
General subdivision History
Chronological subdivision 1526-1765.
9 (RLIN) 190130
Geographic name Mogul Empire.
9 (RLIN) 190116
700 1# - ADDED ENTRY--PERSONAL NAME
Personal name Talbot, F. G.,
Relator term ed. and tr.
942 ## - ADDED ENTRY ELEMENTS (KOHA)
Source of classification or shelving scheme Dewey Decimal Classification
Koha item type Books
Holdings
Lost status Source of classification or shelving scheme Damaged status Not for loan Collection code Permanent Location Current Location Shelving location Date acquired Source of acquisition Cost, normal purchase price Total Checkouts Full call number Date last seen Copy number Koha item type
  Dewey Decimal Classification   Not For Loan Non-fiction Central Library, University of Rajshahi Central Library, University of Rajshahi Reading Room 09/08/1965 National book house 20.00   954.025 BAM 1965 08/02/2017 C-1 Books